000 01124nam a2200205Ia 4500
999 _c9671
_d9671
005 20231009113939.0
008 231006s9999 xx 000 0 und d
020 _a978-607-541-128-6
040 _aUPAN
_cBiblioteca San Vicente
_eRCAA81
041 _aspa
082 _a657.3
_b R758e
_c2019
100 _aRomán Fuentes, Juan Carlos
_4aut.
245 0 _aEstados financieros básicos:
_bprocesos de elaboración y reexpresión/
_cJuan Carlos Román Fuentes
260 _aMéxico:
_bISEF,
_c2019
300 _a332 p.;
_c28 cm.
505 _aCapitulo I: Sistema de información contable. Capitulo II: Estados financieros básicos. Características y objetivos Capitulo III: Estado de situacion financiera Capitulo IV: El estado de resultados integral Capitulo V: El estado de flujos de efectivo Capitulo VI: El Estado de cambios en el capital contable Capitulo VII: Proceso integral de elaboración de los estados financieros básicos Capitulo VIII: La inflación y la reexpresión de la información financiera
650 _2LEMB
_xEstados financieros
650 _2LEMB
_xSistemas contables
942 _cBK
_2ddc